Central Library OPAC University of Rajshahi

Adonis and the alphabet : (Record no. 62924)

MARC details
000 -LEADER
fixed length control field 00601nam a2200217 a 4500
001 - CONTROL NUMBER
control field 62924
003 - CONTROL NUMBER IDENTIFIER
rucl marc code BD-RjUL
005 - DATE AND TIME OF LATEST TRANSACTION
control field 20211209081137.0
008 - FIXED-LENGTH DATA ELEMENTS--GENERAL INFORMATION
fixed length control field 170126s1956 enk 000 0 eng
035 ## - SYSTEM CONTROL NUMBER
System control number (BD-RjUL)63052
040 ## - CATALOGING SOURCE
Original cataloging agency DLC
Transcribing agency OUN
Modifying agency BD-RjUL
Language of cataloging eng
041 ## - LANGUAGE CODE
Language code of text/sound track or separate title eng
082 ## - DEWEY DECIMAL CLASSIFICATION NUMBER
Edition number 23
Classification number 828
Author mark and year HUA 1956
100 1# - MAIN ENTRY--PERSONAL NAME
Personal name Huxley, Aldous,
Dates associated with a name 1894-1963.
9 (RLIN) 187124
245 10 - TITLE STATEMENT
Title Adonis and the alphabet :
Remainder of title and other essays /
260 ## - PUBLICATION, DISTRIBUTION, ETC. (IMPRINT)
Place of publication, distribution, etc. London :
Name of publisher, distributor, etc. Chatto & Windus,
Date of publication, distribution, etc. c1956
300 ## - PHYSICAL DESCRIPTION
Pagination 285 p. ;
Size 21 cm
650 ## - SUBJECT ADDED ENTRY--TOPICAL TERM
Topical term or geographic name as entry element English essays
9 (RLIN) 186830
Topical term or geographic name as entry element English literature
9 (RLIN) 185724
942 ## - ADDED ENTRY ELEMENTS (KOHA)
Source of classification or shelving scheme Dewey Decimal Classification
Koha item type Books
Holdings
Lost status Source of classification or shelving scheme Damaged status Not for loan Collection code Permanent Location Current Location Shelving location Date acquired Source of acquisition Cost, normal purchase price Total Checkouts Full call number Date last seen Copy number Koha item type
  Dewey Decimal Classification   Not For Loan Non-fiction Central Library, University of Rajshahi Central Library, University of Rajshahi Reading Room 21/03/1964 Zeitlinger 18.00   828 HUA 1956 26/01/2017 C-1 Books